000 00751nam a2200265 i 4500
001 C2-0246707
003 PPAK
005 20180727211415.0
008 030324s2001 enka|||| ||||| | eng d
020 _a0751314129
040 _aPPAK
_beng
_cPPAK
_erda
082 0 4 _a658.8
_223
090 0 0 _a658.8
_bHIN
_dR
100 1 _aHingston, Peter,
_eauthor
245 1 0 _aEffective marketing
264 1 _aLondon :
_bDorling Kindersley ,
_c2001
300 _a192 pages :
_bcolour illustrations ;
_c22 cm
336 _2rdacontent
_atext
337 _2rdamedia
_aunmediated
338 _2rdacarrier
_avolume
490 1 _aDK small business guides
650 1 0 _aMarketing - Management ; Marketing
830 0 _aDK small business guides
942 _ddc
_cB
999 _c60611
_d60611